Obálka Náhled e-knihy:
PDF Epub
Pro půjčování e-knih musíte být přihlášeni.
Jak si půjčit online?

Vodník Boreček /

Vodník BorečekPřenesme se do časů, kdy u tiché říčky Pšovky žil malý vodník jménem Boreček – dobrosrdečný ochránce přírody, který místo strašení raději pomáhal lidem i zvířatům. V této knize najdete sedmnáct pohádkových příběhů plných laskavého humoru, napětí a kouzel, v nichž Boreček napravuje nešv...

Celý popis

Uloženo v:
Hlavní autor: Mojžíš, Josef (Autor)
Médium: E-kniha
Jazyk:Czech
Vydáno: Praha : Josef Mojžíš, 2025
Tagy:
Žádné tagy
LEADER 01600nam a22002297i 4500
001 312771
007 ta
008 260601s2025 xr ||||| |||| 00| 0 cze d
020 |a 9990004215528 
044 |a xr 
100 1 |a  Mojžíš, Josef  |4 aut 
245 1 0 |a Vodník Boreček /  |c  Mojžíš, Josef 
264 1 |a Praha :  |b Josef Mojžíš,  |c 2025 
300 |a 1 online zdroj (60 stran) 
336 |a text  |b txt  |2 rdacontent 
337 |a bez média  |b n  |2 rdamedia 
338 |a online zdroj  |b cr  |2 rdacarrier 
520 2 |a Vodník BorečekPřenesme se do časů, kdy u tiché říčky Pšovky žil malý vodník jménem Boreček – dobrosrdečný ochránce přírody, který místo strašení raději pomáhal lidem i zvířatům. V této knize najdete sedmnáct pohádkových příběhů plných laskavého humoru, napětí a kouzel, v nichž Boreček napravuje nešvary, chrání čistotu vody, pomáhá chudým dětem, trestá pytláky i nepořádníky, a ukazuje, že dobré srdce má větší moc než kdejaké kouzlo.Každý příběh přináší kapku poezie, vtipu a laskavosti – a připomíná, že přírodu je třeba chránit a dobrota není slabost, ale síla. 
910 |a RBIT002 
998 |d 421552  |a https://core.palmknihy.cz/api/books/421552/cover?szwdc5  |b https://core.palmknihy.cz/api/books/421552/cover/400?szwdc5  |c https://core.palmknihy.cz/api/books/421552/cover/50?szwdc5  |e   |g 60  |i 9990004215528  |j https://core.palmknihy.cz/api/books/421552/preview.epub  |k https://core.palmknihy.cz/api/books/421552/preview.pdf  |l   |q 49  |r 1  |s https://www.palmknihy.cz/kniha/421552  |t ebook  |y 2025  |z 1 
999 |d 312769